000 01248cam a2200337Ia 4500
001 10587085
003 ARRUPE
005 20160824112250.0
006 m u
007 cr cn|||||||||
008 941123s1986 mau sb 001 0 eng d
020 _z9780674003668
020 _z0674003659
035 _a(CaPaEBR)ebr10315838
035 _a(NNC)10587085
040 _aCaPaEBR
_cCaPaEBR
050 1 4 _aBF38
_b.B75 1986
100 1 _aBruner, Jerome S.
_q(Jerome Seymour)
_925430
245 1 0 _aActual minds, possible worlds
_h[electronic resource] /
_cJerome Bruner.
260 _aCambridge, MA :
_bHarvard University Press,
_c1986.
300 _axi, 201 p.;
_c23cm.
504 _aIncludes bibliography and index.
533 _aElectronic reproduction.
_bPalo Alto, Calif. :
_cebrary,
_d2009.
_nAvailable via World Wide Web.
_nAccess may be limited to ebrary affiliated libraries.
650 0 _aPsychology and literature.
_2Addresses, essays, lectures
_925431
650 0 _aPsychology
_xPhilosophy
_2Addresses, essays, lectures
_92047
650 0 _aPsycholinguistics.
_2Addresses, essays, lectures
_925432
655 7 _aElectronic books.
_2local
_925433
710 2 _aebrary, Inc.
_925434
942 _2lcc
_cMONOGRAPH
999 _c125125
_d125125